00210nam a22000857a 4500020001800000100001700018245001900035260003100054490003900085 a9780439204200 aJoanna Cole  aThe giant germ aNew YorkbScholasticc2000 aThe Magic School Bus chapter book